004810000a2200157000450024501010000065000120010165000170011365000150013065000270014565000260017265100280019865300390022604100130026510000200027877300250029810aPresent status of the Orinoco Crocodile in Colombiaswith remarks on its life history and habits14aHabitat14aMorfología14aEcología14aHábitos alimentarios14aReproducción animal 4lRío OrinocopColombia gCrocodyluseCrocodylus intermedius0 aInglés1 aMedem, Federico1 tPreprintq1-12d1972